000
00178 a2200097 4500
001
10773
100
_a
Sager, D.J.
245
_a
260
_a
_b
Collins
_c
090
_c
8366
_d
8366
942
_a
NUST-CAE
_c
_c
35118
999
_c
245846
_d
245846